000 00444nmm a2200169Ia 4500
008 251105s9999||||xx |||||||||||||||||und||
020 _a9788498167450
041 _aspa
100 _aRizal, José
245 0 _aJunto al Pásig
264 _a[Madrid, España] :
_bLinkgua,
_c2011
300 _a34 páginas
490 _aTeatro
650 _aLatin American theater
856 _uhttps://public.digitaliapublishing.com/a/16803
942 _cCF
999 _c91415
_d91415